| 000 | 00869nac a22002171u 4500 | ||
|---|---|---|---|
| 010 | _a 2005040049 | ||
| 020 | _a0273693786 (pbk.) | ||
| 082 | 0 | 0 |
_a658.4 _bL815 |
| 090 |
_c2338 _d2338 |
||
| 100 | _aLockyer, K. G. | ||
| 245 | 1 | 0 |
_aProject management and project network techniques / _cKeith Lockyer, James Gordon. |
| 250 | _a7th ed. of Critical path analysis and other project network techniques. | ||
| 260 |
_aHarlow, England ; New York : _bFinancial Times/Prentice Hall,2005 _c2005. |
||
| 300 |
_axii, 257 p. : _bill. ; _c25 cm. |
||
| 500 | _aIncludes index. | ||
| 650 | 0 | _aCritical path analysis. | |
| 650 | 0 | _aProject management. | |
| 700 | 1 |
_aGordon, James, _d1927- |
|
| 942 |
_cTB _k658.4L815 |
||
| 999 |
_c2338 _d2338 |
||